000
00278nam a2200109Ia 4500
008
201217s9999 xx 000 0 und d
100
_a
Spivakovsky, A.O and Dyachkov,V.K
245
0
_a
Conveying Machines, Vol.II.
260
_a
Moscow
_b
Mir Publishers
300
_a
229
942
_c
BK
999
_c
7141
_d
7141